00525nam a2200121Ia 4500008004100000100001500041245010400056245006200160260000900222300002700231440005200258650009300310171207s9999 xx 000 0 und d aHo, Jo Ann aProblems and Stakeholder Responsibilities in Island Tourism: The Case of Tioman Island in Malaysia  cJo Ann Ho, Kei Wei Chia, Siew Imm Ng, Sridar Ramachandran c2017 apages 445-74, May 2017 aJournal of Hospitality & Tourism Researchv41:4 aSTAKEHOLDER GROUPS, ISLAND TOURISM, PROBLEM CONSENSUS, TIOMAN ISLAND, STAKEHOLDER THEORY